00666nam a2200229 a 4500001001300000003000900013005001700022008004100039020002300080082001800103100001700121245002400138260004000162300000900202500003500211650002200246700001700268902000800285942000700293952011900300999001700419nice12345678IN_TiNIC20260116014134.0090109s2004 newa grp 000 0 eng  a8125027114 c17500a324.2454bALA aAlam, Javeed aWho Wants Democracy aNew Delhi bOrient Blackswan c2004 a143p aincludes index and biblioraphy aCommunalism-India1 aAlam, Javeed bSRS cBK 001040708StackRoom-aHMIbHMId2009-01-09g175.00l0o324.2454 ALAp022584r2009-01-09v175.00w2009-01-09yBK c14042d14042